Normal view
MARC view
Entry Personal Name
001 - CONTROL NUMBER
- control field: 12641
003 - CONTROL NUMBER IDENTIFIER
- control field: BD-RjUL
005 - DATE AND TIME OF LATEST TRANSACTION
- control field: 20240421120409.0
008 - FIXED-LENGTH DATA ELEMENTS
- fixed length control field: 240421|| aca||aabn | a|a d
040 ## - CATALOGING SOURCE
- Original cataloging agency: BD-RjUL
- Transcribing agency: BD-RjUL
100 ## - HEADING--PERSONAL NAME
- Personal name: Zakaria, Choudhury M. Co-Supervisor
670 ## - SOURCE DATA FOUND
- Source citation: Work cat.: (BD-RjUL)83548: Kader, Md. Abdul 12640, Studies on thenMixed Ligand Transition Metal Complexes /, 2009